Geboren in Winterthur - Statistiken

Allgemein
  • Dieses Quiz wurde 14 mal gespielt
  • Das Durchschnittsergebnis liegt bei 2 aus 10
Antwortstatistiken
Hinweis Antwort % Korrekt
Fußballnationalspieler, AEK Athen (spielte zuvor in der deutschen Bundesliga für Hoffenheim, Stuttgart und Frankfurt) 1991 Steven Zuber
64%
Fußballpionier, Mitgründer des FC Zürich und Gründer des FC Barcelona 1877 Hans "Joan" Gamper
36%
Erster Bundespräsident der Schweiz 1805 Jonas Furrer
36%
Eishockeynationalspieler, der für den HC Lugano spielt (spielte in der NHL für die San Jose Sharks und New Jersey Devils) 1995 Mirco Müller
36%
Fußballtrainer (Nürnberg, Anderlecht, Aarau, Schaffhausen und Luzern) 1973 René Weiler
27%
Informatiker und Entwickler der Programmiersprache "Pascal". Nach ihm ist das Gesetz benannt, welches besagt, dass sich die Software schneller verlangsamt als sich die Hardware beschleunigt. 1934 Niklaus Wirth
9%
Schauspieler, bekannt für seine Rolle als Komissar Flückiger im Schweizer "Tatort" 1957 Stefan Gubser
9%
Schauspielerin, bekannt für ihre Rolle als Tessa Ott im Schweizer "Tatort" 1987 Carol Schuler
0%
Regisseur, "Das Boot ist voll" "More than Honey" "Eldorado" 1941 Markus Imhoof
0%
Chemiker, der 1991 den Nobelpreis für seine Beiträge zur Entwicklung der magnetischen Kernresonanz-Spektroskopie erhielt 1933 Richard R. Ernst
0%
Keine übereinstimmenden Quizze gefunden
Verteilung der Resultate
Anzahl Personen mit jedem Resultat
Perzentil nach korrekt beantworteten Fragen
Ihre Resultats-Entwicklung
Sie haben dieses Quiz noch nicht gespielt